|
|
|
|
| LEADER |
00628nam a22002052a 4500 |
| 001 |
000969047 |
| 003 |
CZ BrMZK |
| 005 |
20100309145755.0 |
| 007 |
ta |
| 008 |
091005s1893 fr a er|||||||||||fre d |
| 040 |
|
|
|a BOA001
|b cze
|
| 100 |
1 |
|
|a Chamisso, Adelbert von,
|d 1781-1838
|7 jn20000603091
|4 aut
|
| 245 |
1 |
0 |
|a Pierre Schlémihl /
|c Adalbert von Chamisso ; illustr. de Marld et Mittis
|
| 260 |
|
|
|a Paris :
|b E. Dentu,
|c 1893
|
| 300 |
|
|
|a 156 s. :
|b il.
|
| 910 |
|
|
|a BOA001
|b 1-0429.042
|
| 990 |
|
|
|a BK
|
| 993 |
|
|
|a Y
|
| 991 |
|
|
|b 200910
|
| 996 |
6 |
|
|b 2619429722
|c 1-0429.042
|l MZK
|r Sklad / do 1 hodiny
|n 0
|w 000969047
|u 000010
|a 1
|e BOA001
|j MZK50
|s P
|